|
|
|
|
| LEADER |
00909nam a2200229 i 4500 |
| 001 |
misc57912 |
| 005 |
20210527164132.0 |
| 008 |
210527s1910 hu o 0|| hun d |
| 040 |
|
|
|a SZTE Miscellanea Repozitórium
|b hun
|
| 041 |
|
|
|a hun
|
| 100 |
1 |
|
|a Gellért Árpád
|
| 245 |
1 |
3 |
|a Az igazságszolgáltatás története az 1526-1606 közötti időszakban
|h [elektronikus dokumentum] :
|b törvények és statutumok alapján /
|c Gellért Árpád
|
| 260 |
|
|
|a Dugonics Nyomda
|b Szeged, Magyarország
|c 1910
|
| 300 |
|
|
|a 63 p.
|c 23 cm
|
| 650 |
|
4 |
|a Társadalomtudományok
|
| 650 |
|
4 |
|a Jogtudomány
|
| 650 |
|
4 |
|a Jog, kriminológia, büntetéstudomány
|
| 650 |
|
4 |
|a Jogtörténet
|
| 650 |
|
4 |
|a Politikatudomány
|
| 650 |
|
4 |
|a Közigazgatás
|
| 695 |
|
|
|a Igazságszolgáltatás - Magyarország - 16. sz., Jogtörténet - magyar - 16. sz.
|
| 856 |
4 |
0 |
|u http://misc.bibl.u-szeged.hu/57912/1/xb_158868.pdf
|z Dokumentum-elérés
|